00241nam a22001097a 450000500170000002000180001710000220003524500160005726000290007330000130010265000160011520260220110556.0 a9789370671409 aJillian Sanderson aOnline News aNew DelhibPinakinc2027 aviii+284 aDigital Age